000 00577nam a2200229 a 4500
001 nice12345678
003 IN_TiNIC
005 20260116012803.0
008 050524s1977 phia grp 000 0 eng
020 _a
_c146.25
082 0 0 _a230
_bSTU
100 _aStuhlmacher, Peter
245 _aHistorical Criticism and Theological Interpretation of Scripture.
260 _aPhiladelphia
_bFortress Press
_c1977
300 _a93p
500 _aincludes index and biblioraphy
505 2 _aIndex
650 _aTheology
902 _bSRS
942 _cBK
999 _c8367
_d8367